| 000 | 00789nam a22002417a 4500 | ||
|---|---|---|---|
| 003 | OSt | ||
| 005 | 20250830013525.0 | ||
| 008 | 250830b |||||||| |||| 00| 0 eng d | ||
| 020 | _a13: 978-0-13-242497-4. | ||
| 040 |
_aDWCL-Admin lib _cOC |
||
| 082 |
_27th ed. _aCirc. 610.73 S659c 2008 |
||
| 100 | _aSmith, Sandra F. | ||
| 245 |
_aClinical nursing skills: basic to advanced skills _cSandra F. Smith |
||
| 260 |
_aN. J. : _bPearson Education Inc., _cc2008. |
||
| 300 |
_alvi, 1457 p. : _b col. ill. ; 28 cm. _c+ 1 CD-ROM. |
||
| 504 | _aIncludes bibliographical references and index. | ||
| 650 | _a1. Nursing care. | ||
| 650 | _a2. Nursing process. | ||
| 650 | _a3. Nursing. | ||
| 700 | _aDuell, Donna J. | ||
| 700 | _aBarbara, Martin C. | ||
| 942 |
_2ddc _cBK-CIRC _e7th ed. _kCirc. _n0 |
||
| 999 |
_c4383 _d4383 |
||